Importance of Domestic Tourism Consumption and Its Connection to Tourism Employment
Salvato in:
| Autore principale: | |
|---|---|
| Altri autori: | |
| Natura: | Capitolo di libro |
| Lingua: | inglese |
| Soggetti: | |
| Tags: |
Nessun Tag, puoi essere il primo ad aggiungerne!!
|
MARC
| LEADER | 00000naa$a2200000$$$4500 | ||
|---|---|---|---|
| 001 | 0296679 | ||
| 005 | 20240502074510.7 | ||
| 041 | 0 | |a eng | |
| 044 | |a SK | ||
| 245 | 1 | 0 | |a Importance of Domestic Tourism Consumption and Its Connection to Tourism Employment |c Anna Michálková, Martina Özoğlu |
| 500 | |a Abstrakt | ||
| 610 | 2 | 0 | |a ruch cestovný |
| 610 | 2 | 0 | |a zamestnanosť |
| 610 | 2 | 0 | |a výdavky |
| 100 | 1 | |a Michálková, Anna, 1968- | |
| 700 | 1 | |a Özoğlu, Martina, 1990- | |